[Event "78th Armenian Chess Ch"]
[Site "Yerevan"]
[Date "2017.08.12"]
[Round "4"]
[White "Manukyan, Sargis A."]
[Black "Danielyan, Vahe"]
[Result "1-0"]
[WhiteElo "2233"]
[BlackElo "2344"]
[Annotator "NA"]
[PlyCount "119"]
[EventDate "2017.??.??"]
[EventCountry "ARM"]
[SourceTitle "playchess.com"]
[Source "ChessBase"]
[SourceQuality "1"]
[TimeControl "40/5400+30:1800+30"]

{[%evp 8,108,19,32767,32767,32767,32767,32767,32767,32767,61,27,57,57,29,16,20,0,15,0,14,-6,25,38,61,29,65,58,62,67,65,84,77,0,0,1,12,23,20,-30,-7,-16,20,0,7,33,32767,32767,41,41,69,32767,32767,97,135,124,142,122,32767,117,135,133,116,75,85,94,116,118,129,112,145,109,129,136,168,32767,156,32767,32767,162,215,32767,32767,32767,32767,32767,32767,32767,32767,32767,32767,544,488,577,546,32767,32767,32767,551,32767,709,609,542]} 1. d4 {[%emt 0:00:00]} Nf6 {[%emt 0:00:06]} 2. c4 {[%emt 0:00:00]} c5 {[%emt 0:00:03]} 3. d5 {[%emt 0:00:00]} b5 {[%emt 0:00:04]} 4. cxb5 {[%emt 0:00:00]} a6 {[%emt 0:00:02]} 5. bxa6 {[%emt 0:00:00]} g6 {[%emt 0:00:04]} 6. Nc3 {[%emt 0:00:00]} Bg7 {[%emt 0:00:03]} 7. Nf3 {[%emt 0:00:04]} O-O {[%emt 0:00:06]} 8. g3 {[%emt 0:00:03]} d6 {[%emt 0:00:05]} 9. Bg2 {[%emt 0:00:10]} Nxa6 {[%emt 0:00:03]} 10. O-O {[%emt 0:00:07]} Bf5 {[%emt 0:00:02] E60: King's Indian: Unusual lines and Fianchetto Variation without Nc3} 11. Nh4 {[%emt 0:00:33]} Bd7 {[%emt 0:00:06]} (11... Bc8 12. Rb1 Qa5 13. Bd2 Nc7 14. a3 Qb6 15. h3 Nb5 16. Nxb5 Qxb5 17. Bc3 Ba6 18. Re1 {½-½ (58) Sasikiran,K (2682)-Ding,L (2755) Hyderabad 2015}) 12. Rb1 {[%emt 0:00:51]} Qa5 {[%emt 0:02:54] LiveBook: 4 Games} 13. Bd2 {[%emt 0:00:51]} Rfb8 {[%emt 0:00:08]} 14. b3 {[%emt 0:02:57]} Nc7 {[%emt 0:02:14]} (14... c4 $5) 15. a4 {[%emt 0:01:30]} Qa6 {[%emt 0:00:07]} 16. Qc2 {[%emt 0:02:20]} Qb7 $146 {[%emt 0:01:58]} 17. e4 {[%emt 0:01:25]} Na6 {[%emt 0:00:14]} 18. Na2 {[%emt 0:00:47]} Nc7 {[%emt 0:08:49]} 19. Bc3 {[%emt 0:12:10]} Qa7 {[%emt 0:01:18]} 20. Ba1 {[%emt 0:03:41]} (20. e5 $16 Ng4 {[#]} 21. e6 $1 {[%mdl 512]} fxe6 22. dxe6 Nxe6 23. Bd5 (23. Bxa8 Rxa8 24. Rbe1 Ne5 $14)) 20... Nb5 {[%emt 0:03:53]} 21. Bb2 {[%emt 0:02:34]} Nd4 {[%emt 0:01:11]} 22. Bxd4 $1 {[%emt 0:00:55]} cxd4 {[%emt 0:00:04]} 23. Nc1 {[%emt 0:02:39]} Rc8 {[%emt 0:05:57]} 24. Qd2 {[%emt 0:01:00]} Rab8 {[%emt 0:00:49]} (24... e5 $15) 25. Ne2 {[%emt 0:03:31]} Ng4 {[%emt 0:06:37]} (25... d3 $5 26. Qxd3 Rb4 $14) 26. Nf3 {[%emt 0:04:22]} Bxa4 {[%emt 0:05:56]} 27. Nfxd4 {[%emt 0:11:10]} Bd7 {[%emt 0:01:47]} (27... Bb5 $5) 28. h3 {[%emt 0:00:40]} Nf6 {[%emt 0:02:19]} 29. b4 {[%emt 0:01:09]} Rc4 {[%emt 0:02:20] [#]} 30. Rfc1 {[%emt 0:03:41]} (30. e5 $1 $18 {[%mdl 512]} dxe5 31. Nc6 Bxc6 32. dxc6) 30... Nxe4 {[%emt 0:04:10]} 31. Bxe4 {[%emt 0:00:30]} Rxd4 {[%emt 0:00:05]} 32. Nxd4 {[%emt 0:00:24]} Bxd4 {[%emt 0:00:09]} 33. Kg2 {[%emt 0:01:22]} Kg7 {[%emt 0:00:17]} 34. Rc4 {[%emt 0:04:10]} Bf6 {[%emt 0:00:17]} 35. Qc2 {[%emt 0:01:15]} Bb5 {[%emt 0:00:50]} 36. Rc8 {[%emt 0:01:38]} Rb7 {[%emt 0:00:48]} 37. Qd2 {[%emt 0:04:31]} Qb6 {[%emt 0:00:08]} 38. h4 {[%emt 0:03:58]} Bd7 {[%emt 0:00:11]} 39. Ra8 {[%emt 0:00:56]} h5 {[%emt 0:00:25]} 40. Bf3 {[%emt 0:00:00]} Rc7 {[%emt 0:00:10]} (40... Bf5 $16 41. Rb3 Qd4 42. Qxd4 Bxd4) 41. Rb3 {[%emt 0:13:07]} Bf5 {[%emt 0:00:56]} (41... Rc4 $142) 42. Ra2 {[%emt 0:00:52]} Qb5 {[%emt 0:00:08] [#]} 43. Qe2 $1 {[%emt 0:02:48]} Qb6 {[%emt 0:12:13]} (43... Qxe2 $16 44. Rxe2 (44. Bxe2 Bc2 $16) 44... Bd4) 44. Ra6 {[%emt 0:00:21]} Qd4 {[%emt 0:01:23]} 45. Rc6 {[%emt 0:00:45]} Rxc6 {[%emt 0:06:18]} 46. dxc6 {[%emt 0:00:14]} e5 {[%emt 0:00:01]} 47. Qe3 {[%emt 0:04:18]} Qc4 {[%emt 0:00:01]} 48. b5 {[%emt 0:00:47]} d5 {[%emt 0:00:55]} 49. Rb2 {[%emt 0:13:35]} d4 {[%emt 0:06:32]} 50. Qb3 {[%emt 0:00:45]} Qc1 {[%emt 0:00:05]} 51. b6 {[%emt 0:04:34]} e4 {[%emt 0:03:03]} 52. Bd1 {[%emt 0:00:39]} e3 {[%emt 0:01:42]} 53. b7 {[%emt 0:01:56]} Be5 {[%emt 0:05:32]} 54. b8=Q $18 {[%emt 0:02:51]} Bxb8 {[%emt 0:01:18]} 55. Qxb8 {[%emt 0:00:09]} Qxd1 {[%emt 0:09:17]} 56. Qe5+ {[%emt 0:00:44]} Kh7 {[%emt 0:00:01]} 57. Rb8 {[%emt 0:03:01]} Be4+ {[%emt 0:00:09]} 58. Qxe4 {[%emt 0:00:20]} e2 {[%emt 0:00:15]} 59. Qf4 {[%emt 0:01:56]} e1=N+ {[%emt 0:03:28]} 60. Kh3 {[%emt 0:00:10]} 1-0

[Event "78th Armenian Chess Ch"]
[Site "Yerevan"]
[Date "2017.08.13"]
[Round "5"]
[White "Petrosyan, Manuel"]
[Black "Kalashian, David"]
[Result "1-0"]
[WhiteElo "2565"]
[BlackElo "2389"]
[Annotator "TA"]
[PlyCount "117"]
[EventDate "2017.??.??"]
[EventCountry "ARM"]
[SourceTitle "playchess.com"]
[Source "ChessBase"]
[SourceQuality "1"]

{[%evp 25,117,45,54,10,11,14,19,14,29,23,30,24,26,26,35,32,38,41,50,16,14,0,0,0,0,0,0,0,0,0,0,0,0,0,0,0,0,0,0,0,63,52,59,52,192,218,261,397,438,436,404,0,0,0,262,287,482,408,712,0,0,0,706,669,954,946,942,933,933,935,921,896,1665,1717,5114,5114,5114,5114,5085,4763,29974,29975,29975,29975,29976,29976,29984,29985,29985,29986,29987,29988,29991,29992]} 1. d4 g6 2. Nf3 Bg7 3. c4 c5 4. e4 cxd4 5. Nxd4 Nc6 6. Be3 Nf6 7. Nc3 d6 8. Be2 O-O 9. O-O Bd7 10. Qd2 Rc8 11. f3 a6 12. Rfd1 Nxd4 {B38: Sicilian: Maroczy Bind with 5...Bg7 and 7...0-0} 13. Bxd4 Be6 {LiveBook: 7 Games} (13... Nh5 14. Nd5 Bxd4+ 15. Qxd4 e6 16. Nc3 Nf4 17. Bf1 Qg5 18. g3 e5 19. Qxd6 Be6 20. Nd5 Nxd5 21. exd5 {1-0 (50) Cruz,C (2546)-Rathnakaran,K (2387) New Delhi 2015}) 14. Nd5 Nxd5 {The position is equal.} 15. exd5 Bxd4+ 16. Qxd4 Bf5 $146 ({Find the theoretical novelty and annotate with similar games:} 16... Bd7) 17. b4 Qc7 18. Rac1 a5 19. a3 b6 20. h4 axb4 21. axb4 Ra8 22. h5 gxh5 23. Bd3 Bxd3 24. Rxd3 f6 25. Qh4 Kh8 26. Qxh5 Rg8 27. Rd4 Rg5 28. Qh3 Rag8 29. Rc2 Qa7 30. Kh2 $40 {[%mdl 128] White has some attack.} Qa1 31. Re4 R5g7 32. Rce2 (32. Qh4 {is more complex.} Qf1 33. Ree2 Rg5 34. Ra2 R5g6 35. Qf4) 32... Qa7 (32... Qc1 $11) 33. Qh4 Qd7 34. Re6 Qe8 {[#]} (34... Qc7 $14) 35. Rxf6 $1 $18 {[%mdl 512]} exf6 36. Rxe8 Rxe8 37. Qxf6 {[%mdl 4096] Endgame KQ-KRR} Re2 {[#]} 38. Qf8+ $2 (38. Kg1 $1 $18) 38... Rg8 $11 39. Qf6+ $2 {[%mdl 8192]} (39. Qxd6 $11 Rexg2+ 40. Kh1 (40. Kh3 Rg1 $11) 40... Rg1+ 41. Kh2) 39... Rg7 $18 {[#]} 40. Kg1 $1 {[%cal Rg1f1]} ({And not} 40. Qxd6 Rexg2+ 41. Kh1 (41. Kh3 Rg1 $11) 41... Rg1+ 42. Kh2 R1g2+ 43. Kh3 Rg1 $11) 40... Rexg2+ $2 (40... h5 {keeps fighting.} 41. Kf1 Rexg2 42. Qxd6 Kh7 43. Qxb6 Rc2) 41. Kf1 Rc2 (41... R2g6 $142 42. Qd8+ Rg8 43. Qxb6 Rf8) 42. Qf8+ $2 (42. Qxd6 $18 Rf7 43. Qe5+ Kg8 44. Qe8+ Kg7 45. Qe4) 42... Rg8 $11 43. Qf6+ $2 {[%mdl 8192]} ({Not} 43. Qxd6 Ra8 $18) (43. Qf5 $11 Rxc4 44. Qf6+ Rg7 45. Qxd6) 43... Rg7 $18 44. Qxd6 Rf7 45. Qe5+ Kg8 46. Qe8+ Kg7 47. Qe4 Ra2 48. d6 Kf8 49. c5 bxc5 50. bxc5 Ra1+ 51. Kf2 Ra2+ 52. Kg3 Rd2 53. Qe5 {[%cal Re5h8] White mates.} Rg7+ 54. Kf4 Rc2 55. Ke3 Rgg2 56. Qf6+ Kg8 57. d7 {[%cal Rd7d8]} Rge2+ 58. Kf4 Rc4+ 59. Kg3 {Precision: White = 74%, Black = 50%.} 1-0

[Event "78th Armenian Chess Ch"]
[Site "Yerevan"]
[Date "2017.08.13"]
[Round "5"]
[White "Harutyunian, Tigran K"]
[Black "Hayrapetyan, Hovik"]
[Result "1-0"]
[WhiteElo "2513"]
[BlackElo "2502"]
[Annotator "TA"]
[PlyCount "83"]
[EventDate "2017.??.??"]
[EventCountry "ARM"]
[SourceTitle "playchess.com"]
[Source "ChessBase"]
[SourceQuality "1"]

{[%evp 39,83,50,83,-112,-96,-112,9,16,32,31,42,-15,16,-8,0,-78,-63,-62,-60,-62,-52,-136,0,0,0,0,0,0,0,0,0,0,429,433,29979,29978,29980,29981,29980,29979,29978,29979,29977,0,29977,12841]} 1. c4 c5 2. Nf3 Nf6 3. Nc3 b6 4. e4 d6 5. d4 cxd4 6. Nxd4 Bb7 7. f3 e6 8. Be2 Be7 9. Be3 O-O 10. O-O a6 11. Qd2 Nbd7 12. Rac1 Rc8 13. Rfd1 Qc7 14. b4 Qb8 15. Nb3 Rfe8 16. a3 Bd8 17. Kh1 Bc7 {B44: Sicilian: Taimanov: 5 Nb5} 18. Bf4 Ne5 (18... d5 19. Bxc7 Rxc7 20. cxd5 exd5 21. exd5 Nxd5 22. Nxd5 Bxd5 23. Nd4 b5 24. Bf1 Rxc1 25. Rxc1 {½-½ (40) Yu,Y (2738)-Karthikeyan,M (2578) Moscow 2017}) 19. Bxe5 dxe5 20. c5 b5 {LiveBook: 4 Games} 21. Nxb5 $146 (21. a4 $16 {and life is bright.}) ({Predecessor:} 21. a4 Bc6 22. axb5 axb5 23. Qe1 Red8 24. Qf1 Rxd1 25. Rxd1 {½-½ (116) Firouzja,A (2456)-Kozul,Z (2613) Doha 2016}) 21... axb5 $17 22. Bxb5 Red8 (22... Bxe4 $1 $17 23. Bxe8 Bd5) 23. Qe2 $11 Rxd1+ 24. Rxd1 Rd8 25. Rc1 (25. Rxd8+ $14 Bxd8 26. a4) 25... Nh5 26. g3 f5 27. a4 (27. Bc4 $11 {keeps the balance.}) 27... fxe4 $17 28. fxe4 {Strongly threatening c6.} Nf6 29. c6 Bc8 30. Nc5 {[#]} ({White should try} 30. Qc4 $15) 30... Ne8 ({Black should play} 30... Bb6 $1 $17 {Threatens to win with ...Rd4.} 31. Nb3 Bc7) 31. Nd7 $11 Qa8 32. Qg4 Nd6 33. Nf6+ $1 Kh8 34. Qh4 $1 $40 {[%csl Gf6][%cal Rh4h7][%mdl 128] White attacks.} h6 35. Ng4 $1 {[%cal Rg4h6] Nxh6! is the strong threat.} Nxb5 $4 {[%mdl 8192]} ({Don't blunder} 35... Nxe4 $2 36. Nxh6 Nf2+ 37. Kg2 $18) (35... Rf8 $11 {and Black stays safe.} 36. Nxe5 Kg8) 36. Nxh6 $1 $18 {Nf5+ would kill now.} gxh6 (36... Rf8 $18 37. Nf7+ (37. axb5 gxh6 38. Qxh6+ Kg8 $11) (37. Nf5+ Kg8 $18) 37... Kg8) 37. Qxh6+ Kg8 38. Rf1 Qxc6 39. Qg5+ Kh8 40. Qh5+ Kg8 41. Qg6+ Kh8 {[#]} 42. Rf7 $1 {Precision: White = 31%, Black = 18%.} 1-0

[Event "78th Armenian Chess Ch"]
[Site "Yerevan"]
[Date "2017.08.13"]
[Round "5"]
[White "Mikaelyan, Arman"]
[Black "Sargsyan, Shant"]
[Result "0-1"]
[WhiteElo "2486"]
[BlackElo "2416"]
[Annotator "TA"]
[PlyCount "54"]
[EventDate "2017.??.??"]
[EventCountry "ARM"]
[SourceTitle "playchess.com"]
[Source "ChessBase"]
[SourceQuality "1"]

{[%evp 18,54,9,0,0,0,0,0,1,0,0,-50,-52,-46,-45,-64,0,-138,-86,-219,-206,-261,-266,-338,-348,-370,-347,-604,-601,-589,-573,-587,-590,-590,-590,-589,-581,-696,-696]} 1. d4 Nf6 2. c4 e6 3. Nf3 d5 4. Nc3 Bb4 5. cxd5 exd5 6. Bg5 h6 7. Bxf6 Qxf6 8. Qb3 c5 9. a3 Bxc3+ 10. Qxc3 b6 {D38: Queen's Gambit Declined: Ragozin Defence (4 Nf3 Bb4)} 11. dxc5 {Hoping for Qxf6.} Qxc3+ 12. bxc3 bxc5 {The position is equal.} 13. O-O-O Be6 14. e3 {[#]} (14. e4 $5 dxe4 15. Ne5 $11) 14... Nd7 $146 ({Predecessor:} 14... Ke7 15. c4 dxc4 16. Ne5 c3 17. Bb5 a6 18. Ba4 {1-0 (49) Grischuk,A (2754)-Carlsen,M (2857) chess.com INT 2016}) 15. Bb5 O-O-O 16. Rd2 Nf6 (16... Kc7 $15) 17. Rhd1 (17. c4 $11) 17... Kc7 (17... Ne4 $142 18. Rc2 Kc7) 18. Ne5 (18. c4 $17) 18... Ne4 $19 19. Rc2 {[#]} c4 $1 20. Nc6 {[#]} Rd6 $1 21. Nb4 Nc5 22. Rcd2 $2 (22. e4 Nxe4 23. a4) 22... Nb3+ {Black is clearly winning.} 23. Kc2 {[%cal Rd2d5]} Bf5+ 24. Kb2 Nxd2 25. Rxd2 Rb8 26. a4 a6 27. Nxd5+ Kd8 {Precision: White = 28%, Black = 90%.} 0-1

[Event "78th Armenian Chess Ch"]
[Site "Yerevan"]
[Date "2017.08.13"]
[Round "5"]
[White "Shahinyan, David"]
[Black "Baghdasaryan, Vahe"]
[Result "1/2-1/2"]
[WhiteElo "2428"]
[BlackElo "2469"]
[Annotator "TA"]
[PlyCount "44"]
[EventDate "2017.??.??"]
[EventCountry "ARM"]
[SourceTitle "playchess.com"]
[Source "ChessBase"]
[SourceQuality "1"]

{[%evp 15,44,12,22,2,16,4,47,30,31,13,17,0,0,0,0,0,0,0,0,0,0,0,0,0,0,0,0,0,0,0,0]} 1. g3 d5 2. Nf3 Nc6 3. d4 Bf5 4. Bg2 Nb4 5. Na3 e6 6. c3 {D02: 1 d4 d5 2 Nf3 sidelines, including 2...Nf6 3 g3 and 2...Nf6 3 Bf4} (6. O-O h6 7. c4 Nf6 8. Bd2 Nc6 9. Qb3 Rb8 10. Rfd1 Be4 11. Bf4 Bd6 12. Bxd6 cxd6 13. Nb5 dxc4 14. Qa3 {½-½ (55) Ganguly,S (2640)-Yu,Y (2750) Fufeng 2017}) 6... Nc6 7. Nc2 Nf6 8. O-O Be7 {LiveBook: 3 Games} 9. Nce1 Be4 10. Nd3 h5 $146 ({Predecessor:} 10... O-O 11. Bf4 a5 12. a4 b6 13. Nd2 Bxg2 14. Kxg2 {½-½ (41) Lagunow,R (2348)-Socko,M (2480) Warsaw 2017}) 11. Qb3 a6 12. Nde5 Nxe5 {The position is equal.} 13. dxe5 Nd7 14. Qxb7 c5 15. Rd1 Bc2 16. Rd2 Ba4 17. c4 Rb8 18. Qxa6 Ra8 19. Qb7 Rb8 20. Qa6 Ra8 21. Qb7 Rb8 22. Qa6 Ra8 {Precision: White = 53%, Black = 63%.} 1/2-1/2

[Event "78th Armenian Chess Ch"]
[Site "Yerevan"]
[Date "2017.08.13"]
[Round "5"]
[White "Torosyan, Norayr"]
[Black "Manukyan, Sargis A"]
[Result "1-0"]
[WhiteElo "2350"]
[BlackElo "2233"]
[Annotator "TA"]
[PlyCount "73"]
[EventDate "2017.??.??"]
[EventCountry "ARM"]
[SourceTitle "playchess.com"]
[Source "ChessBase"]
[SourceQuality "1"]

{[%evp 18,73,9,1,6,0,10,0,14,14,14,0,12,0,52,49,66,68,83,81,63,68,120,39,125,120,118,110,168,162,154,167,187,190,341,342,470,499,484,477,471,475,467,464,583,577,526,440,752,745,983,330,947,959,947,934,917,889]} 1. d4 d5 2. Bf4 Nf6 3. e3 e6 4. Nd2 Be7 5. Bd3 b6 6. Qe2 Bb7 7. c3 c5 8. Ngf3 Nbd7 9. Ne5 O-O 10. O-O Ne4 {D02: 1 d4 d5 2 Nf3 sidelines, including 2...Nf6 3 g3 and 2...Nf6 3 Bf4} 11. Rad1 Nxe5 12. dxe5 $146 ({Predecessor:} 12. Bxe5 Nxd2 13. Rxd2 Bd6 14. f4 f5 15. Ba6 Bxa6 16. Qxa6 c4 17. Bxd6 Qxd6 18. b4 h6 {0-1 (52) Glienke,M-Ostermeyer,P (2410) Bad Neuenahr 1982}) 12... Nxd2 {The position is equal.} 13. Rxd2 Qc7 14. Qh5 {[%csl Gd3][%cal Rh5h7]} g6 $1 {[%cal Rg6h5]} 15. Qg4 Rfd8 (15... h5 $11 16. Qg3 Kg7) 16. h4 $14 h5 17. Qg3 {Threatens to win with Bxg6!} Kg7 18. Bg5 Bxg5 19. Qxg5 Re8 (19... Rf8 $14) 20. g4 (20. Qf6+ $1 $16 Kg8 21. g4) 20... hxg4 (20... Rh8 $14) 21. Qf6+ $1 $16 Kg8 22. f3 g3 {[#]} (22... Qe7 $16) 23. h5 $1 $18 {[%cal Rh5h6][%mdl 512]} Qe7 {[#]} (23... gxh5 24. Rg2) 24. Qf4 $1 g5 ({But not} 24... c4 $6 25. Bc2 $14) 25. Qxg3 Kh8 $2 {[#]} (25... d4 {is a better defense.} 26. exd4 (26. cxd4 cxd4 27. exd4 Kh8 $16) 26... cxd4) 26. f4 $1 gxf4 27. Qxf4 Rg8+ 28. Rg2 Rxg2+ 29. Kxg2 {White wants to mate with Qh6+.} Rg8+ 30. Kh3 {[%cal Rf4h6]} Qg5 31. Qxg5 Rxg5 32. Rxf7 Rxh5+ {KRB-KRB} (32... Rg7 $142) 33. Kg4 Rxe5 34. Rh7+ Kg8 35. Kf4 {White is clearly winning.} Ba6 36. Kxe5 {Threatening mate with Bg6.} Bxd3 37. Rxa7 {Precision: White = 64%, Black = 39%.} 1-0

[Event "78th Armenian Chess Ch"]
[Site "Yerevan"]
[Date "2017.08.13"]
[Round "5"]
[White "Danielyan, Vahe"]
[Black "Hakobyan, Aram"]
[Result "1-0"]
[WhiteElo "2344"]
[BlackElo "2466"]
[Annotator "TA"]
[PlyCount "81"]
[EventDate "2017.??.??"]
[EventCountry "ARM"]
[SourceTitle "playchess.com"]
[Source "ChessBase"]
[SourceQuality "1"]

{[%evp 9,81,-12,-14,-40,0,0,0,3,15,0,10,-22,0,0,0,6,6,3,20,0,3,-57,-52,-83,-75,-82,-69,-83,-30,-44,-17,-37,-8,-22,0,-35,-30,-43,-16,-29,-24,-27,-15,-23,-19,-47,-52,-97,-57,-60,-25,-41,0,-42,0,-44,0,0,212,204,203,195,197,157,157,68,120,84,323,322,2662,1951,29981,29980]} 1. d4 Nf6 2. Bg5 d5 3. Nd2 g6 4. Bxf6 (4. e3 Bg7 5. h3 O-O 6. c3 b6 7. Ngf3 Bb7 8. Bd3 c5 9. O-O Nbd7 10. Bf4 Rc8 11. a4 a6 {1-0 (27) Andreikin,D (2736)-Khismatullin,D (2617) Sochi 2016}) 4... exf6 5. g3 c6 6. Bg2 {D00: 1 d4 d5: Unusual lines} Be6 7. e3 Nd7 8. Ne2 {The position is equal.} f5 9. O-O $146 ({Predecessor:} 9. b3 a5 10. O-O Bg7 11. c4 Nf6 12. Nc3 O-O {1-0 (46) Reiss,T (2397)-Juhasz,J (2285) Budapest 2005}) 9... Bd6 10. b3 Nf6 11. c4 O-O 12. c5 Bc7 13. b4 h5 14. Nf4 Bd7 15. a4 (15. h4 $11) 15... h4 $15 16. Rb1 hxg3 17. hxg3 Kg7 18. Nd3 Ng4 (18... Ne4 $17 {Threatens to win with ...Nc3.} 19. Qc2 Qg5) 19. Nf3 $11 Qe7 20. Re1 Rh8 21. b5 Rh6 22. Nde5 Nxe5 23. dxe5 Qxc5 24. Qb3 Re8 25. Qb2 {[#] Strongly threatening Rec1.} Kg8 26. Rec1 Qe7 {[%cal Rc7e5]} 27. Qd4 Bb6 28. Qc3 Qd8 29. Ra1 Ba5 (29... cxb5 30. a5 $16) 30. Qd4 Bb6 (30... cxb5 31. Qxa7 Qb6 32. Qxb6 $14) 31. Qd2 Ba5 32. Qd4 g5 33. Qxa7 Bb6 $2 (33... cxb5 $6 34. Qxb7 f4 35. exf4 $16 (35. axb5 g4 $14)) (33... f4 $11 {and Black has nothing to worry.} 34. gxf4 (34. exf4 gxf4 35. gxf4 Rg6 $11) (34. Qxb7 fxe3 35. fxe3 g4 $17) 34... gxf4 35. exf4 (35. Qxb7 fxe3 36. fxe3 cxb5 $15) 35... Rg6) 34. Qxb7 $18 Bc8 35. Qa8 f4 36. a5 (36. Rxc6 Rxc6 37. Qxc6 fxe3 $11) 36... g4 37. axb6 ({White should play} 37. Rxc6 $16 Rxc6 38. Qxc6 gxf3 39. Bxf3 (39. axb6 fxg2 40. exf4 Bd7 $18) (39. Qxb6 Qxb6 40. axb6 fxg2 $14) 39... Bxa5 {[#]} 40. Rxa5 $1 {[%mdl 512]} (40. Bxd5 Be6 $17) (40. exf4 Re6 $16) 40... fxg3 41. Ra2 (41. Bxd5 gxf2+ 42. Kxf2 Qh4+ 43. Ke2 Bg4+ 44. Kd3 Rd8 $18) (41. fxg3 Bb7 $11)) 37... gxf3 $14 38. b7 fxg2 $2 (38... Bxb7 $16 39. Qxd8 (39. Qxb7 fxg3 40. Bxf3 gxf2+ 41. Kf1 Qg5 $11) 39... Rxd8 40. Bxf3 fxg3) 39. bxc8=Q (39. b8=Q $2 {leads to mate.} f3 40. bxc6 Rh1#) 39... f3 $2 (39... Qxc8 40. Qxc8 Rxc8 41. gxf4 c5) 40. Qg4+ $18 Kh8 41. Qxf3 {Precision: White = 41%, Black = 38%.} 1-0

[Event "78th Armenian Chess Ch"]
[Site "Yerevan"]
[Date "2017.08.13"]
[Round "5"]
[White "Mkrtchyan, Eduard"]
[Black "Harutjunyan, Gevorg"]
[Result "0-1"]
[WhiteElo "2203"]
[BlackElo "2454"]
[Annotator "TA"]
[PlyCount "56"]
[EventDate "2017.??.??"]
[EventCountry "ARM"]
[SourceTitle "playchess.com"]
[Source "ChessBase"]
[SourceQuality "1"]

{[%evp 11,56,28,29,17,16,15,32,31,45,44,59,-18,5,-24,-24,-10,-9,-17,0,-18,-22,-31,-32,-30,0,-58,-42,-89,-89,-123,-121,-233,-192,-655,-643,-2290,-2352,-5777,-2065,-29987,-29988,-29987,-29988,-29988,-29983,-29998,-29999]} 1. d4 Nf6 2. c4 e6 3. Nf3 b6 4. g3 Ba6 5. Qc2 Bb7 6. Bg2 c5 7. d5 {E15: Queen's Indian: 4 g3 sidelines, 4 g3 Ba6 and 4 g3 Bb7 early deviations} exd5 8. cxd5 Na6 {[%cal Bb8a6,Ba6c7,Bc7e6][%mdl 32]} (8... Nxd5 9. O-O Nc6 10. Rd1 Be7 11. Qa4 Nf6 12. Nh4 O-O 13. Nf5 d5 14. Nc3 Nd4 15. Nxd4 cxd4 16. Qxd4 {½-½ (36) Radjabov,T (2726)-Harikrishna,P (2763) Shamkir 2016}) 9. a3 {White is slightly better.} Bxd5 $146 ({Predecessor:} 9... Nxd5 10. e4 Ndc7 11. Nc3 Be7 12. Be3 b5 13. Rd1 b4 14. Ne2 O-O {1-0 (34) Huzman,A (2602)-Gershon,A (2497) Israel 2008}) 10. Nc3 Bc6 11. Bg5 (11. O-O $14) 11... Be7 12. O-O Nc7 13. Rad1 Ne6 14. e4 O-O 15. h4 Rc8 16. Rfe1 h6 17. Bc1 Re8 18. Qb3 {[#]} ({White should try} 18. e5 $11) 18... c4 $1 {[%mdl 512]} 19. Qa2 (19. Qxc4 Bxe4) 19... Bc5 20. Ne5 Qc7 $36 {[%mdl 2048] White is under strong pressure.} 21. Nxc6 (21. Nxc4 $17 {was the only defense.} Qxg3 22. b4 Qxc3 23. bxc5) 21... Ng4 ({Less strong is} 21... Qxc6 22. Be3 $15) 22. Ne7+ $2 {[#]} (22. e5 dxc6 23. Ne4) 22... Rxe7 $19 23. Nd5 Qxg3 24. Nxe7+ Kf8 25. Be3 Bxe3 {Black mates.} 26. Rxe3 Qxf2+ 27. Kh1 Nxe3 {[%csl Ge3][%cal Rf2g2]} 28. Rg1 Qxh4+ {Precision: White = 21%, Black = 61%.} 0-1

[Event "78th Armenian Chess Ch"]
[Site "Yerevan"]
[Date "2017.08.14"]
[Round "6"]
[White "Petrosyan, Manuel"]
[Black "Harutyunian, Tigran K"]
[Result "1-0"]
[WhiteElo "2565"]
[BlackElo "2513"]
[Annotator "TA"]
[PlyCount "81"]
[EventDate "2017.??.??"]
[EventCountry "ARM"]
[SourceTitle "playchess.com"]
[Source "ChessBase"]
[SourceQuality "1"]

{[%evp 19,81,0,5,0,0,0,0,0,0,0,0,0,18,0,0,0,0,0,0,0,0,0,0,0,0,0,0,0,0,0,0,0,0,0,0,0,0,0,14,11,17,0,6,0,0,0,233,220,225,219,199,177,166,188,1016,1082,1009,1009,939,864,29991,29992,29992,29993]} 1. d4 Nf6 2. c4 e6 3. Nc3 d5 4. cxd5 Nxd5 5. e4 Nxc3 6. bxc3 c5 7. Rb1 Be7 {D35: Queen's Gambit Declined: Exchange Variation} 8. Nf3 O-O 9. Bc4 Nc6 10. O-O b6 {LiveBook: 4 Games} 11. d5 Na5 12. Bd3 $1 c4 13. Bc2 $1 exd5 14. exd5 Bb7 15. Re1 {[#]} Qd7 $146 16. Ne5 Qxd5 {[%csl Gb7][%cal Rd5g2]} 17. Qg4 $1 Rad8 18. Qh3 {[%csl Gc2][%cal Rh3h7]} f5 19. Bf4 {Black must now prevent Rbd1.} Bc8 20. g4 (20. Ng6 $5 hxg6 21. Rxe7 $11) 20... Bf6 21. Rbd1 Qc5 {Hoping for ...Rxd1.} 22. Nd7 Bxd7 23. Bd6 Qc6 24. Bxf8 Kxf8 (24... Rxf8 $2 25. Rxd7 $1 {[%mdl 512]} h6 26. Bxf5 $18) 25. Qxh7 {aiming for g5.} Nb7 $1 ({Don't go for} 25... fxg4 $2 26. Qh8+ Kf7 27. Qh5+ Kg8 28. Rxd7 $1 $18 {[%mdl 512]}) 26. Qh8+ Kf7 27. Qh5+ Kf8 {With the idea ...Be6.} (27... Kg8 $2 28. Bxf5 Bxf5 29. Rxd8+ Nxd8 30. Re8+ Qxe8 31. Qxe8+ Kh7 32. Qh5+ Kg8 33. Qxf5 $18) 28. Re3 g6 $1 {[%cal Rg6h5]} ({And not} 28... fxg4 {[#]} 29. Rxd7 $1 {[%mdl 512]} Qxd7 30. Bg6 $18) 29. Qxg6 $40 {[%mdl 128] Threatens to win with Ba4! Black needs to defend precisely.} Bg7 30. Qh5 Nd6 ({But not} 30... fxg4 $6 31. Bg6 $16) 31. Qg5 Re8 32. Rxe8+ Nxe8 $2 (32... Bxe8 $11 {and Black stays safe.} 33. Qf4 Nf7) 33. Bxf5 $18 Bxf5 34. Qxf5+ Qf6 {Black wants to play ...Qxf5.} 35. Qe4 b5 36. Re1 {[%csl Ge1][%cal Re4e8]} Nd6 $2 (36... Nc7 37. h4 Qd6) 37. Qa8+ Kf7 38. Qd5+ Kf8 39. Re6 Qxc3 40. Qxd6+ Kg8 41. Qd5 {Precision: White = 82%, Black = 80%.} 1-0